000 00335nam a22001337a 4500
003 Macl
005 20171230125737.0
008 171230b xxu||||| |||| 00| 0 eng d
040 _cMacl
100 _aDurga Das Basu
_969853
245 _aIntroduction to The Consitiution India
260 _aHaryana
_bLexisNexis
_c2017
942 _2ddc
_cBK
999 _c57242
_d57242